Goa and its future (Record no. 1446766)

MARC details
000 -LEADER
fixed length control field 00583nam a2200205Ia 4500
005 - DATE AND TIME OF LATEST TRANSACTION
control field 20250923145055.0
008 - FIXED-LENGTH DATA ELEMENTS--GENERAL INFORMATION
fixed length control field 008 250917s9999 xx 000 0 eng d
037 ## - SOURCE OF ACQUISITION
Stock number Textual
040 ## - CATALOGING SOURCE
Original cataloging agency DSWL
Language of cataloging eng
Transcribing agency DSWL
041 ## - LANGUAGE CODE
Language code of text/sound track or separate title eng
Source of code eng
084 ## - COLON CLASSIFICATION NUMBER
Classification number V227,1.N6, K6
Assigning agency DSWL
100 ## - MAIN ENTRY--PERSONAL NAME
Personal name Esteves, Sarto
9 (RLIN) 831507
245 #0 - TITLE STATEMENT
Title Goa and its future
Statement of responsibility, etc. by Sarto Esteves
260 ## - PUBLICATION, DISTRIBUTION, ETC.
Place of publication, distribution, etc. Bombay
Name of publisher, distributor, etc. Manaktals & Sons Pvt. ltd.
Date of publication, distribution, etc. 1966
300 ## - PHYSICAL DESCRIPTION
Extent iii,151,2p.
365 ## - TRADE PRICE
Price type code INR
Price amount 12.00
925 ## -
-- 12.00
942 ## - ADDED ENTRY ELEMENTS (KOHA)
Koha item type Textual
Classification part V227,1.N6, K6
Holdings
Withdrawn status Lost status Damaged status Not for loan Home library Current library Date acquired Total Checkouts Full call number Barcode Date last seen Price effective from Koha item type
        Department of Social Work Library Department of Social Work Library 2025-09-23   V227,1.N6, K6 SW0012367 2025-09-23 2025-09-23 Textual
Copyright @ Delhi University Library System